Résumen de medicina católica
שמור ב:
| מחבר ראשי: | |
|---|---|
| פורמט: | ספר |
| שפה: | ספרדית |
| יצא לאור: |
Buenos Aires
Luis Pasteur
1944
|
| נושאים: | |
| תגים: |
הוספת תג
אין תגיות, היה/י הראשונ/ה לתייג את הרשומה!
|
MARC
| LEADER | 00000nam a2200000 a 4500 | ||
|---|---|---|---|
| 001 | UCR2248 | ||
| 003 | CL-VaPUC | ||
| 008 | 980109e19440000AG |||||||||||||||||spa|d | ||
| 082 | 0 | 4 | |a 261.561 |b BON |2 21 |
| 100 | 0 | |a Bon, Henri |e author |9 400091 | |
| 245 | 1 | 0 | |a Résumen de medicina católica |
| 300 | |a 607 p | ||
| 942 | |c BK | ||
| 945 | |d 19980109 00:00:00 |a rleighto | ||
| 260 | |a Buenos Aires |b Luis Pasteur |c 1944 | ||
| 650 | 0 | |a Medicina |9 258507 | |
| 650 | 0 | |a Religión |9 255164 | |
| 650 | 0 | |a Cristianismo |9 257361 | |
| 650 | 0 | |a Médicos |9 339460 | |
| 650 | 0 | |a Alma |9 259008 | |
| 650 | 7 | |a CUERPO |2 CL-VaPUC |9 357026 | |
| 650 | 0 | |a Vida espiritual |9 307811 | |
| 650 | 0 | |a Muerte |9 265114 | |
| 650 | 0 | |a Sacramentos |9 257270 | |
| 583 | |a last modification |c 19980109 00:00:00 |k Rodrigo Vera | ||
| 999 | |c 265504 |d 265502 | ||
| 952 | |0 0 |1 0 |4 0 |6 261_561000000000000_BON_1944 |7 0 |8 A |9 296453 |a BIBTEO |b BIBTEO |d 2019-11-20 |i 3368947 |o 261.561 BON 1944 |p 3368947 |r 2025-01-17 |w 2019-11-20 |y BK |k ICR | ||